| 000 | 00603pam a2200229 a 4500 | ||
|---|---|---|---|
| 001 | 1860428 | ||
| 005 | 20180105050823.0 | ||
| 008 | 820628s1983 nyua b 001 0 eng | ||
| 010 | _a 82012809 | ||
| 020 | _a0443081662 | ||
| 040 |
_aDLC _cDLC _dDLC |
||
| 041 | _aeng | ||
| 060 | _aWF 980 T4855 | ||
| 080 | _a617.96754 KAP | ||
| 082 | 0 | 0 |
_a617.96754 KAP _219 |
| 100 | _a6 | ||
| 101 | _aANA | ||
| 245 | 0 | 0 |
_aThoracic anesthesia / _cedited by Joel A. Kaplan. |
| 504 | _aIncludes bibliographical references and index. | ||
| 906 |
_a7 _bcbc _corignew _d1 _eocip _f19 _gy-gencatlg |
||
| 942 |
_2ddc _cBK |
||
| 999 |
_c39794 _d39794 |
||